000 00524nam a2200169Ia 4500
008 230917s9999||||xx |||||||||||||| ||und||
020 _cEUR79.99
040 _e246939
_aMAIN
041 _aEnglish
082 _a338.4791 C146T
100 _aCamilleri, Mark Anthony
245 0 _aTravel marketing, tourism economics and the airline product: An introduction to theory and practice
260 _aCham
_bSpringer
_c2018
300 _axxiv, 213 p.
500 _a3101 04/05/2018 HBD18/7395 14/05/2018 Main Budget
942 _cBK
999 _c26645
_d26645